000
00267cam a2200109ua 4500
082
_a
821
_b
FEL/TH
100
_a
Fellow, Long .
_9
1847
245
_a
The Poems of Long Fellow /
260
_a
London :
_b
Oxford University Press ,
_c
1961.
300
_a
886 ; .
942
_c
BK
999
_c
4462
_d
4462